Statistiques concernant Vainqueur de Wimbledon depuis 1968

Cliquez ici pour prendre le quiz!

Statistiques générales

  • Ce quiz a été pris 30 fois
  • Le résultat moyen est 39 sur 52

Statistiques - réponses

HintRéponse% Correct
2019Djokovic
100%
2018Djokovic
100%
2015Djokovic
100%
2014Djokovic
100%
2011Djokovic
100%
2005Federer
100%
2017Federer
100%
2012Federer
100%
2003Federer
100%
2009Federer
100%
2004Federer
100%
2007Federer
100%
2006Federer
100%
2013Murray
100%
2008Nadal
100%
2010Nadal
100%
1993Sampras
95%
2000Sampras
95%
1999Sampras
95%
1998Sampras
95%
1997Sampras
95%
1995Sampras
95%
1994Sampras
95%
1992Agassi
86%
1980Borg
82%
1978Borg
82%
1976Borg
82%
1977Borg
82%
1979Borg
82%
1981McEnroe
82%
1983McEnroe
82%
1984McEnroe
82%
1986Becker
73%
1985Becker
73%
1989Becker
73%
2002Hewitt
68%
1974Connors
64%
1982Connors
64%
1988Edberg
59%
1990Edberg
59%
1968Laver
59%
1969Laver
59%
2001Ivanisevic
50%
1991Stich
41%
1987Cash
27%
1996Krajicek
27%
1971Newcombe
27%
1970Newcombe
27%
1972Smith
27%
1973Kodes
23%
1975Ashe
18%
2016Muray
9%

Distribution des résultats

Percentile par nombre de réponses

% des personnes avec chaque résultat

Votre développement - résultats

Vous n’avez pas pris ce quiz